Can you name all 391 ACNH villagers? - Statistics

General Stats
  • This quiz has been taken 686 times
  • The average score is 126 of 391
Answer Stats
Breed Name % Correct
Squirrel Agent S
89%
Gorilla Al
78%
Cat Raymond
71%
Alligator Alli
69%
Dog Bea
63%
Deer Fauna
63%
Frog Lily
62%
Cat Bob
61%
Octopus Zucker
61%
Squirrel Marshal
60%
Octopus Marina
59%
Dog Lucky
57%
Octopus Octavian
57%
Eagle Apollo
56%
Duck Molly
55%
Alligator Gayle
54%
Cub Judy
54%
Cub Maple
54%
Mouse Rod
54%
Cub Stitches
54%
Penguin Flo
53%
Dog Goldie
53%
Duck Ketchup
53%
Cat Lolly
53%
Elephant Tia
53%
Cat Ankha
52%
Dog Cherry
52%
Ostrich Julia
52%
Goat Sherb
51%
Alligator Alfonso
50%
Hamster Apple
50%
Deer Beau
50%
Cat Kid Cat
50%
Bull T-Bone
50%
Rabbit Coco
49%
Sheep Dom
49%
Cat Rosie
49%
Duck Bill
48%
Wolf Wolfgang
48%
Anteater Antonio
47%
Wolf Audie
47%
Deer Diana
47%
Rhino Merengue
47%
Cat Tangy
47%
Cub Cheri
46%
Penguin Aurora
45%
Alligator Boots
45%
Alligator Drago
45%
Goat Nan
45%
Penguin Roald
45%
Cub Bluebear
44%
Alligator Del
44%
Deer Erik
44%
Cow Tipper
44%
Hamster Hamlet
43%
Cow Patty
43%
Squirrel Poppy
43%
Rabbit Bunnie
42%
Wolf Fang
42%
Frog Henry
42%
Cat Kiki
42%
Cat Merry
42%
Sheep Pietro
42%
Wolf Skye
42%
Bear Teddy
42%
Deer Bam
41%
Wolf Freya
41%
Horse Julian
41%
Cat Katt
41%
Penguin Sprinkle
41%
Wolf Whitney
41%
Dog Cookie
40%
Ostrich Flora
40%
Kangaroo Kitt
40%
Bear Megan
40%
Anteater Anabelle
39%
Tiger Bianca
39%
Dog Daisy
39%
Elephant Ellie
39%
Hamster Flurry
39%
Cow Norma
39%
Ostrich Phil
39%
Gorilla Rocket
39%
Frog Tad
39%
Cat Tom
39%
Bull Angus
38%
Mouse Chadder
38%
Goat Chevre
38%
Pig Chops
38%
Elephant Eloise
38%
Lion Lionel
38%
Cub Olive
38%
Cat Olivia
38%
Squirrel Peanut
38%
Cat Punchy
38%
Frog Ribbot
38%
Gorilla Violet
38%
Goat Billy
37%
Penguin Cube
37%
Chicken Egbert
37%
Wolf Kyle
37%
Rabbit Ruby
37%
Koala Alice
36%
Horse Annalise
36%
Bear Beardo
36%
Elephant Dizzy
36%
Chicken Goose
36%
Koala Melba
36%
Bird Peck
36%
Cub Tammy
36%
Pig Agnes
35%
Chicken Ava
35%
Mouse Bella
35%
Hippo Bubbles
35%
Rabbit Chrissy
35%
Pig Gala
35%
Bird Jay
35%
Cow Naomi
35%
Bear Pinky
35%
Horse Reneigh
35%
Hamster Rodney
35%
Alligator Sly
35%
Anteater Annalisa
34%
Dog Butch
34%
Rabbit Francine
34%
Hippo Harry
34%
Cub June
34%
Goat Kidd
34%
Koala Ozzie
34%
Rhino Renee
34%
Bull Rodeo
34%
Duck Scoot
34%
Bull Vic
34%
Deer Zell
34%
Elephant Big Top
33%
Frog Camofrog
33%
Frog Diva
33%
Cat Felicity
33%
Chicken Ken
33%
Rabbit Mira
33%
Monkey Nana
33%
Goat Pashmina
33%
Monkey Shari
33%
Rhino Tank
33%
Bear Tutu
33%
Eagle Amelia
32%
Tiger Bangle
32%
Cub Barold
32%
Dog Bones
32%
Hamster Clay
32%
Wolf Dobie
32%
Rabbit Dotty
32%
Koala Eugene
32%
Squirrel Hazel
32%
Frog Jeremiah
32%
Wolf Lobo
32%
Pig Maggie
32%
Cat Mitzi
32%
Frog Puddles
32%
Cat Rudy
32%
Dog Shep
32%
Cat Stinky
32%
Koala Sydney
32%
Bird Anchovy
31%
Eagle Avery
31%
Duck Freckles
31%
Frog Jambette
31%
Duck Joey
31%
Cat Kitty
31%
Lion Leopold
31%
Koala Lyman
31%
Dog Maddie
31%
Frog Wart Jr.
31%
Bird Admiral
30%
Hippo Bertha
30%
Ostrich Blanche
30%
Mouse Bree
30%
Deer Bruce
30%
Bear Curt
30%
Sheep Frita
30%
Duck Gloria
30%
Deer Lopez
30%
Kangaroo Marcie
30%
Elephant Margie
30%
Cat Moe
30%
Squirrel Pecan
30%
Squirrel Sally
30%
Bull Stu
30%
Cat Tabby
30%
Monkey Tammi
30%
Bird Twiggy
30%
Goat Velma
30%
Kangaroo Walt
30%
Sheep Wendy
30%
Hippo Biff
29%
Rabbit Bonbon
29%
Bull Coach
29%
Duck Drake
29%
Squirrel Filbert
29%
Hamster Graham
29%
Cat Kabuki
29%
Sheep Muffy
29%
Anteater Olaf
29%
Elephant Opal
29%
Anteater Pango
29%
Chicken Plucky
29%
Cub Poncho
29%
Frog Prince
29%
Horse Roscoe
29%
Anteater Snooty
29%
Wolf Vivian
29%
Sheep Willow
29%
Chicken Becky
28%
Dog Biskit
28%
Hippo Bitty
28%
Penguin Boomer
28%
Gorilla Boone
28%
Chicken Broffina
28%
Horse Buck
28%
Lion Bud
28%
Wolf Chief
28%
Elephant Cyd
28%
Anteater Cyrano
28%
Monkey Deli
28%
Horse Ed
28%
Horse Elmer
28%
Lion Elvis
28%
Deer Fuchsia
28%
Bear Grizzly
28%
Hamster Hamphrey
28%
Gorilla Hans
28%
Hippo Hippeux
28%
Bird Jitters
28%
Bird Midge
28%
Squirrel Mint
28%
Monkey Monty
28%
Bird Piper
28%
Cat Purrl
28%
Horse Winnie
28%
Kangaroo Astrid
27%
Dog Benjamin
27%
Mouse Broccolo
27%
Koala Canberra
27%
Eagle Celia
27%
Bear Chow
27%
Horse Colton
27%
Koala Gonzo
27%
Rhino Hornsby
27%
Bird Jacques
27%
Pig Lucy
27%
Dog Mac
27%
Cat Monique
27%
Horse Papi
27%
Cub Pekoe
27%
Lion Rex
27%
Tiger Rolf
27%
Tiger Rowan
27%
Elephant Axel
26%
Frog Frobert
26%
Rabbit Hopkins
26%
Pig Kevin
26%
Bear Klaus
26%
Bear Nate
26%
Duck Pompom
26%
Rhino Rhonda
26%
Bird Robin
26%
Lion Rory
26%
Horse Savannah
26%
Rhino Spike
26%
Ostrich Sprocket
26%
Kangaroo Sylvia
26%
Bear Ursala
26%
Chicken Benedict
25%
Squirrel Blaire
25%
Rabbit Carmen
25%
Bear Charlise
25%
Cub Chester
25%
Tiger Claudia
25%
Frog Cousteau
25%
Monkey Elise
25%
Monkey Flip
25%
Frog Gigi
25%
Gorilla Louie
25%
Dog Portia
25%
Penguin Puck
25%
Ostrich Sandy
25%
Rabbit Snake
25%
Hamster Soleil
25%
Squirrel Static
25%
Rabbit Tiffany
25%
Sheep Vesta
25%
Horse Victoria
25%
Penguin Wade
25%
Dog Walker
25%
Koala Yuka
25%
Kangaroo Carrie
24%
Ostrich Cranston
24%
Frog Croque
24%
Pig Curly
24%
Rabbit Doc
24%
Mouse Dora
24%
Eagle Frank
24%
Ostrich Gladys
24%
Penguin Gwen
24%
Penguin Hopper
24%
Duck Mallary
24%
Kangaroo Mathilda
24%
Cub Murphy
24%
Rabbit O'Hare
24%
Bear Paula
24%
Horse Peaches
24%
Pig Peggy
24%
Cub Pudge
24%
Hippo Rocco
24%
Sheep Stella
24%
Eagle Sterling
24%
Elephant Tucker
24%
Mouse Anicotti
23%
Squirrel Cally
23%
Squirrel Caroline
23%
Pig Cobb
23%
Rabbit Cole
23%
Sheep Curlos
23%
Duck Derwin
23%
Rabbit Genji
23%
Bear Groucho
23%
Frog Huck
23%
Chicken Knox
23%
Dog Marcel
23%
Squirrel Nibbles
23%
Pig Rasher
23%
Tiger Tybalt
23%
Pig Boris
22%
Mouse Candi
22%
Horse Cleo
22%
Frog Drift
22%
Sheep Eunice
22%
Goat Gruff
22%
Bear Ike
22%
Cub Kody
22%
Tiger Leonardo
22%
Lion Mott
22%
Pig Pancetti
22%
Elephant Paolo
22%
Ostrich Queenie
22%
Duck Quillson
22%
Frog Raddle
22%
Kangaroo Rooney
22%
Monkey Simon
22%
Bird Sparro
22%
Squirrel Tasha
22%
Penguin Tex
22%
Cub Vladimir
22%
Duck Weber
22%
Sheep Baabara
21%
Eagle Buzz
21%
Sheep Cashmere
21%
Gorilla Cesar
21%
Rabbit Claude
21%
Penguin Friga
21%
Rabbit Gaston
21%
Bird Jacob
21%
Duck Miranda
21%
Gorilla Peewee
21%
Mouse Penelope
21%
Ostrich Pheobe
21%
Eagle Pierce
21%
Squirrel Ricky
21%
Mouse Samson
21%
Pig Spork
21%
Mouse Bettina
20%
Gorilla Boyd
20%
Horse Clyde
20%
Duck Deena
20%
Rabbit Gabi
20%
Pig Hugh
20%
Bird Lucha
20%
Duck Maelle
20%
Mouse Moose
20%
Duck Pate
20%
Mouse Rizzo
20%
Squirrel Sylvana
20%
Pig Truffles
20%
Mouse Greta
19%
Mouse Limberg
19%
Squirrel Sheldon
19%
Deer Deidre
18%
Penguin Iggly
18%
Eagle Keaton
18%
Rabbit Pippy
17%
Sheep Timbra
15%
No matching quizzes found
Score Distribution
Percent of People with Each Score
Percentile by Number Answered
Your Score History
You have not taken this quiz